Guess the Taylor Swift Song (no hints) 209 - Statistics

General Stats
  • This quiz has been taken 48 times
  • The average score is 177 of 304
Answer Stats
Answer % Correct
I
100%
"I
100%
(I
100%
a
95%
the
95%
you
95%
you"
95%
You
95%
you)
95%
and
89%
And
89%
To
89%
to
89%
(To
89%
(to
89%
your
89%
love
87%
me,
87%
me
87%
My
84%
my
84%
when
84%
Where
84%
be
82%
In
82%
in
82%
too
79%
I'm
76%
is
76%
Is
76%
of
76%
like
74%
that
74%
are
71%
They
71%
we're
71%
Just
68%
just
68%
know)
68%
there
68%
I'll
66%
want
66%
But
63%
by
63%
heart
61%
out
61%
see
61%
every
58%
up
58%
would
58%
back
55%
come
55%
Oh,
55%
their
55%
eyes
50%
from
50%
nights
50%
they're
50%
Baby,
47%
baby,
47%
dance
45%
dreams
45%
tree
45%
under
45%
Under
45%
everything
42%
wanna
42%
Christmas
39%
close
39%
farm
39%
light
39%
people
39%
true
39%
wish
39%
lights
37%
mistletoe
37%
There's
37%
We'd
37%
alone
34%
arms
34%
comes
34%
home
34%
isn't
34%
Takes
34%
telling
34%
being
32%
feeling
32%
little
32%
Merry
32%
remind
32%
snow
32%
sparkling
32%
static
32%
winter
32%
world
32%
yeah
32%
else
29%
glow
29%
holly
29%
magic
29%
run
29%
shopping
29%
somewhere
29%
Sweet
29%
taken
29%
tonight
29%
traffic
29%
Watching
29%
barn
26%
blue
26%
Bundled
26%
coats
26%
fire
26%
forgiven
26%
holiday
26%
icy
26%
Mistakes
26%
mittens
26%
pretend
26%
ribbon
26%
wake
26%
cider
24%
cold
24%
dreaming
24%
fair
24%
flow
24%
kids
24%
safe
24%
Stress
24%
blanket
21%
inside
21%
town,
21%
sleighs
18%
warm
18%
(darling)
16%
No matching quizzes found
Score Distribution
Percent of People with Each Score
Percentile by Number Answered
Your Score History
You have not taken this quiz